Особливості використання мовних засобів у феміністичному дискурсі (на основі друкованих видань м. Вікторія та м. Ванкувер, Канада) (Запис № 285377)

МАРК-запис
000 -LEADER
fixed length control field 02445nam a22001577a 4500
041 ## - LANGUAGE CODE
Language code of text/sound track or separate title ukr
080 ## - UNIVERSAL DECIMAL CLASSIFICATION NUMBER
Universal Decimal Classification number 09
090 ## - LOCALLY ASSIGNED LC-TYPE CALL NUMBER (OCLC); LOCAL CALL NUMBER (OCLC)
Local cutter number (OCLC) ; Book number/undivided call number, CALL (RLIN) ГРИ
100 ## - MAIN ENTRY--PERSONAL NAME
Personal name Грицюк, А. І.
245 ## - TITLE STATEMENT
Title Особливості використання мовних засобів у феміністичному дискурсі (на основі друкованих видань м. Вікторія та м. Ванкувер, Канада)
260 ## - PUBLICATION, DISTRIBUTION, ETC. (IMPRINT)
Place of publication, distribution, etc Острог
Name of publisher, distributor, etc КАФ
Date of publication, distribution, etc 2014
300 ## - PHYSICAL DESCRIPTION
Extent 71
520 ## - SUMMARY, ETC.
Summary, etc Вступ.<br/>Розділ І. Фемінізм як поняття гендерної лінгвістики.<br/>1.1. Фемінізм та історія його розвитку<br/>1.2. Неофемінізм та його основні ідеї<br/>1.3. Поняття "дискурс" у сучасній лінгвістиці<br/>1.4. Зародження феміністського дискурсу<br/>Розділ ІІ. Фемінізм в Канаді та особливості використання мовних засобів жінками-феміністками.<br/>2.1. Література Канада. Історія канадського фемінізму<br/>2.2. Основні ознаки феміністичного дискурсу. Гендерні студії<br/>2.3. Феміністичний дискурс як результат соціальної практики (на базі друкрваних видань м. Вікторія, Канада)<br/>2.4. Використання термінів та неологізмів як одна з головних ознак феміністичного дискурсу (на базі друкованих видань м. Вікторія, Канада)<br/>Розділ ІІІ. Порівняльний аналіз мовних засобів використаних у статтях феміністичного та нефеміністичного дискурсів.<br/>3.1. Мовні засоби використані у статтях жінок-феміністок та нефеміністок<br/>3.2. Відмінні ознаки використання мовних засобів у феміністичному та нефеміністичному дискурсах<br/>Висновки.<br/>Список використаної літератури.<br/>Додатки.
-- фемінізм, Канада, дискурс, гендер
650 ## - SUBJECT ADDED ENTRY--TOPICAL TERM
Topical term or geographic name as entry element Research Papers
942 ## - ADDED ENTRY ELEMENTS (KOHA)
Koha item type Книги
Фонди
Withdrawn status Lost status Source of classification or shelving scheme Damaged status Not for loan Home library Current library Date acquired Source of acquisition Cost, normal purchase price Total Checkouts Full call number Barcode Date last seen Price effective from Koha item type
    Universal Decimal Classification     ВІЛ - Відділ іноземн. літератури НБ ВІЛ - Відділ іноземн. літератури НБ 17/06/2014 Акт №8 1.00   09 215631 09/11/2021 17/06/2014 Книги